00412 a2200097 4500001000900000005001700009008004100026245016000067100002400227773006300251ART_803220260410161639.0260409a 10aOperaciones de "leasing". Tratamiento impositivo aplicable a los contratos anteriores a la Ley 24441. Reciente opinión del Tribunal Fiscal de la Nación1 aCalcagno, Gabriel A0 tConsultor tributariog- Vol. 2, Nº 23 (ene. 2009)wREV474